| 000 | 00585nam a2200193 a 4500 | ||
|---|---|---|---|
| 005 | 20140310182405.0 | ||
| 008 | 000605s19uu xx 00 eng d | ||
| 020 | _a97108-5036-9 | ||
| 050 |
_aPN 4121 _b.T161 1991 |
||
| 100 | _aTan, Arsenia B. | ||
| 245 |
_aPublic speaking and speech improvement for Filipino students / _cArsenia B. Tan. |
||
| 250 | _a3rd ed. | ||
| 260 |
_aMetro Manila : _bNational Book Store, _c1991. |
||
| 300 |
_axiii, 422 p. : _c22 cm. |
||
| 500 | _aIncludes bibliography. | ||
| 650 | _aPublic speaking. | ||
| 650 | _aSpeech improvement. | ||
| 942 |
_cBK _2lcc |
||
| 999 |
_c12692 _d12692 |
||